West Ham United FC 2018-2019 Squad - Statistics

General Stats
  • This quiz has been taken 415 times
    391 since last reset
  • The average score is 20 of 27
Answer Stats
Position Kit Number Nationality Answer % Correct
GK #1 Poland Lukasz Fabianski
98%
MID #41 Ireland Declan Rice
91%
DEF #3 England Aaron Cresswell
90%
MID #16 England Mark Noble
90%
DEF #2 New Zealand Winston Reid
88%
MID #10 Argentina Manuel Lanzini
87%
DEF #21 Italy Angelo Ogbonna
86%
GK #13 Spain Adrian
85%
FOR #17 Mexico Javier Hernandez
85%
Manager N/A Chile Manuel Pellegrini
84%
DEF #5 Argentina Pablo Zabaleta
83%
MID #8 Brazil Felipe Anderson
82%
DEF #23 France Issa Diop
82%
MID #11 Scotland Robert Snodgrass
81%
DEF #26 D.R Congo Arthur Masuaku
80%
DEF #4 Paraguay Fabian Balbuena
79%
FOR #7 Austria Marko Arnautovic
79%
FOR #20 Ukraine Andriy Yarmolenko
76%
MID #30 England Michail Antonio
76%
MID #15 Colombia Carlos Sanchez
74%
FOR #9 England Andy Carroll
68%
DEF #24 England Ryan Fredericks
63%
FOR #27 Spain Lucas Perez
58%
MID #14 Spain Pedro Obiang
55%
MID #19 England Jack Wilshere
53%
DEF #35 England Reece Oxford
36%
MID #37 England Nathan Holland
21%
No matching quizzes found
Score Distribution
Percent of People with Each Score
Percentile by Number Answered
Your Score History
You have not taken this quiz since the last reset